000 00302nam a22001337a 4500
008 170907b xxu||||| |||| 00| 0 eng d
020 _a2900716777921
041 _aeng
080 _24TH
_a91
100 _a42
101 _aGJEO
245 _aWORLD REGIONAL GEOGRAPHY
_cPULSIPHER,L.M
942 _2udc
_cBK
999 _c26610
_d26610